The commercial property development process (Record no. 60152)
[ view plain ]
| 000 -LEADER | |
|---|---|
| fixed length control field | 00844cam a2200241 4500 |
| 001 - CONTROL NUMBER | |
| control field | ABS61365 |
| 008 - FIXED-LENGTH DATA ELEMENTS--GENERAL INFORMATION | |
| fixed length control field | 000000n1999 000 0 eng u |
| 035 ## - SYSTEM CONTROL NUMBER | |
| System control number | (Sirsi) u100554 |
| 100 ## - MAIN ENTRY--PERSONAL NAME | |
| Personal name | Fisher, P. |
| 245 #4 - TITLE STATEMENT | |
| Title | The commercial property development process |
| 260 ## - PUBLICATION, DISTRIBUTION, ETC. | |
| Date of publication, distribution, etc. | 1999 |
| 490 ## - SERIES STATEMENT | |
| Series statement | Property Management |
| Volume/sequential designation | (17(3) 1999, 219-230(7) |
| 520 ## - SUMMARY, ETC. | |
| Summary, etc. | Looks at commercial development, and argues that rational project planning is not well advanced, and that software for development is also lacking. Includes two case studies from Newcastle upon Tyne and Cape Town. References. |
| 590 ## - LOCAL NOTE (RLIN) | |
| Local note | ABS |
| 650 ## - SUBJECT ADDED ENTRY--TOPICAL TERM | |
| Topical term or geographic name entry element | PROPERTY DEVELOPMENT |
| 650 ## - SUBJECT ADDED ENTRY--TOPICAL TERM | |
| Topical term or geographic name entry element | CAPE TOWN |
| 650 ## - SUBJECT ADDED ENTRY--TOPICAL TERM | |
| Topical term or geographic name entry element | NEWCASTLE UPON TYNE |
| 650 ## - SUBJECT ADDED ENTRY--TOPICAL TERM | |
| Topical term or geographic name entry element | DEVELOPMENT PROCESS |
| 650 ## - SUBJECT ADDED ENTRY--TOPICAL TERM | |
| Topical term or geographic name entry element | MODELS |
| 690 ## - LOCAL SUBJECT ADDED ENTRY--TOPICAL TERM (OCLC, RLIN) | |
| Topical term or geographic name as entry element | PROPERTY-PROPERTY DEVELOPMENT |
| 700 ## - ADDED ENTRY--PERSONAL NAME | |
| Personal name | Collins, T. |
| 942 ## - ADDED ENTRY ELEMENTS (KOHA) | |
| Suppress in OPAC | 0 |
| Withdrawn status | Lost status | Source of classification or shelving scheme | Damaged status | Not for loan | Home library | Current library | Shelving location | Date acquired | Total Checkouts | Full call number | Barcode | Date last seen | Copy number | Price effective from | Koha item type |
|---|---|---|---|---|---|---|---|---|---|---|---|---|---|---|---|
| Dewey Decimal Classification | London | London | Journal article | 19/10/1999 | ABS61365 | 100554-1001 | 06/08/2019 | 1 | 06/08/2019 | Journal article |